Las vías de hecho de la administración
Na minha lista:
| Autor principal: | |
|---|---|
| Formato: | Livro |
| Idioma: | espanhol |
| Publicado em: |
San José
Colegio de Abogados de Costa Rica
1991
|
| Assuntos: | |
| Tags: |
Adicionar Tag
Sem tags, seja o primeiro a adicionar uma tag!
|
MARC
| LEADER | 00000nam a2200000 a 4500 | ||
|---|---|---|---|
| 001 | UCX8185 | ||
| 003 | CL-VaPUC | ||
| 008 | 940310e19910000CR |||||||||||||||||spa|d | ||
| 082 | 0 | 4 | |a 342 |b SAB |2 21 |
| 100 | 0 | |a Saborio Valverde, Rodolfo |e author |9 325250 | |
| 245 | 1 | 4 | |a Las vías de hecho de la administración |
| 300 | |a 162 p | ||
| 942 | |c BK | ||
| 945 | |d 19940310 00:00:00 |a aalvarez | ||
| 260 | |a San José |b Colegio de Abogados de Costa Rica |c 1991 | ||
| 500 | |a Premio Alberto Brenes Córdoba 1990 | ||
| 650 | 0 | |a Derecho público |9 255910 | |
| 650 | 0 | |a Derecho administrativo |9 254851 | |
| 583 | |a last modification |c 19940310 00:00:00 |k Rodrigo Vera | ||
| 999 | |c 227773 |d 227771 | ||
| 952 | |0 0 |1 0 |4 0 |6 342_000000000000000_SAB_1991 |7 0 |8 A |9 226998 |a BIBDER |b BIBDER |d 2019-11-15 |i 2961334 |o 342 SAB 1991 |p 2961334 |r 2023-01-25 |w 2019-11-15 |y BK |k DER | ||